000 00478nam a2200157Ia 4500
003 GCL
005 20240530102938.0
008 140319s9999 xx 000 0 ara d
040 _aGCL /
_cGCL
082 0 4 _a320.54
_bم ت
100 0 _4السيد يسين
245 1 0 _aتحليل مضمون الفكر القومى العربى /
_cالسيد يسين
260 _a[S.N] :
_bمركز دراسات الوحدة العربية ،
_c1982
300 _a200 ص
942 _2ddc
_cBK
999 _c35573
_d35573